000 00438nam a2200181Ia 4500
001 19675
005 20260306172710.0
008 260306t2002||||xx |||||||||||||| ||spa||
041 _aESP
082 _a341
_bC68 V. 1
100 _aCouture, Eduardo J.
_eAUT
245 0 _aEl arte del derecho y otras mediciones
260 _c2002
300 _a197 páginas :
_c28 cm.
650 _aGEN
654 _aCDE
942 _cLIB
_dJUS
_fJUS
_2ddc
_n
999 _c19675
_d19675